Chomsky and his critics
Αποθηκεύτηκε σε:
| Άλλοι συγγραφείς: | , |
|---|---|
| Μορφή: | Βιβλίο |
| Γλώσσα: | English |
| Δημοσίευση: |
Oxford :
Blackwell,
2003
|
| Σειρά: | Philosophers and their critics
|
| Θέματα: | |
| Ετικέτες: |
Προσθήκη ετικέτας
Δεν υπάρχουν, Καταχωρήστε ετικέτα πρώτοι!
|
MARC
| LEADER | 00000nam a2200000 i 4500 | ||
|---|---|---|---|
| 001 | 1/64118 | ||
| 008 | 041026s2003 eng d | ||
| 020 | |a 0-631-20021-5 | ||
| 035 | |l 10074950 | ||
| 040 | |a GR-MY-UA |b gre |e aacr | ||
| 041 | 0 | |a eng | |
| 082 | 0 | |a 410.92 | |
| 245 | 1 | 0 | |a Chomsky and his critics / |c edited by Louise M. Antony, Norbert Hornstein |
| 260 | |a Oxford : |b Blackwell, |c 2003 | ||
| 300 | |a 342 p. | ||
| 490 | 1 | |a Philosophers and their critics | |
| 504 | |a Includes bibliographical references and index | ||
| 600 | 1 | 0 | |a Chomsky, Noam. |
| 650 | 0 | 0 | |a Linguistics |x Philosophy. |
| 700 | 1 | |a Antony, Louise M. |4 edt | |
| 700 | 1 | |a Hornstein, Norbert. |4 edt | |
| 830 | 0 | |a Philosophers and their critics | |
| 852 | |a INST |b RHODES |e 20041026 |h 410.92 CHO |p 005400018280 |q 005400018280 |t BK |y 0 | ||
| 901 | |a BIBL4-2004-3 | ||
| 909 | |a Ρ |b 110096 | ||
| 920 | |a ΔΙΕΥΡΥΝΣΗ |b ΕΠΕΑΕΚ ΙΙ-ΤΜΣ |y ΡΟΔΟΣ |z 2004-10 | ||
| 970 | |a ΚΟΥΛΑΚΙΟΤΗ |b ΛΙΤΣΑ |z 2004/10/26 | ||